00348nam a2200097Ia 4500008004100000041000800041100002700049245010400076260005100180999001900231241105s9999 xx 000 0 und d aeng aHundekar Tejal9181636 aLandscape Land Planning And Landscape Resource Management Policies For Village Rihe, Mulshi , Pune, bBNCA-M Arch Landscape ArchitectureaPunec2023 c362071d362071